LEADER 01309oam 2200313z- 450 001 9910229881303321 005 20220823171047.0 035 $a(CKB)3810000000209134 035 $a(EXLCZ)993810000000209134 100 $a20180430c2015uuuu -u- - 101 0 $amul 200 10$aConversos, marrani e nuove comunita? ebraiche in eta? moderna $eatti del convegno internazionale di studi organizzato dal Museo nazionale dell'ebraismo italiano e della Shoah : 28-29 aprile 2014, Sala della musica, Chiostro di S. Paolo, Ferrara /$fa cura di Myriam Silvera 210 $aFirenze $cGiuntina$d2015 311 08$a88-8057-600-3 517 $aConversos, marrani e nuove comunità ebraiche in età moderna 606 $aJews$zItaly$xHistory$vCongresses 606 $aJews$zEurope$xHistory$vCongresses 606 $aCrypto-Jews$zIberian Peninsula$xHistory$vCongresses 607 $aItaly$xEthnic relations$vCongresses 607 $aEurope$xEthnic relations$vCongresses 615 0$aJews$xHistory 615 0$aJews$xHistory 615 0$aCrypto-Jews$xHistory 702 $aSilvera$b Myriam 712 02$aMuseo nazionale dell'ebraismo italiano e della Shoah. 906 $aBOOK 912 $a9910229881303321 996 $aConversos, marrani e nuove comunità ebraiche in età moderna$92438691 997 $aUNINA